Skoki Narciarskie - Zdobywcy Podium z Norwegii (2020-) - Statystyki

Ogólne statystyki
  • Ten quiz został rozwiązany 72 razy
  • Średni wynik to 5 z 6
Statystyki odpowiedzi
Liczba podiów Lata aktywności Skoczek % Poprawnych
23 2015- Marius Lindvik
98%
41 2015- Halvor Egner Granerud
97%
9 2014-2025 Johann Andre Forfang
95%
7 2013-2025 Robert Johansson
87%
7 2014-2024 Daniel-Andre Tande
85%
4 2022- Kristoffer Eriksen Sundal
80%
Nie znaleziono quizów pasujących do podanych kryteriów
Rozkład punktacji
Procent ludzi z każdym wynikiem
Percentyl według liczby udzielonych odpowiedzi
Twoja historia wyników
Nie rozwiązałeś tego quizu